Tvorba mobilnej aplikácie na identifikáciu textov pre zrakovo postihnutých diplomová práca

Salvato in:
Dettagli Bibliografici
Autore principale: Takács, Alexander
Ente Autore: Fakulta hospodárskej informatiky EU. Katedra aplikovanej informatiky
Altri autori: Kultan, Jaroslav, 1960-
Natura: Libro
Lingua:slovacco
Pubblicazione: Bratislava 2017
Tags: Aggiungi Tag
Nessun Tag, puoi essere il primo ad aggiungerne!!

MARC

LEADER 00000nbm a2200000 4500
001 0233028
005 20180413101352.3
041 0 |a slo 
044 |a SK 
245 1 0 |a Tvorba mobilnej aplikácie na identifikáciu textov pre zrakovo postihnutých  |b diplomová práca  |c Alexander Takács ; školiteľ: Jaroslav Kultan 
264 1 |a Bratislava  |c 2017 
300 |a 70 s. 
100 1 |a Takács, Alexander 
700 1 |a Kultan, Jaroslav, 1960- 
710 2 |a Fakulta hospodárskej informatiky EU. Katedra aplikovanej informatiky